Normal view
MARC view
- Bahoo, Sultan
Entry Personal Name
001 - CONTROL NUMBER
- control field: 25095
003 - CONTROL NUMBER IDENTIFIER
- control field: NUST
005 - DATE AND TIME OF LATEST TRANSACTION
- control field: 20191104131523.0
008 - FIXED-LENGTH DATA ELEMENTS
- fixed length control field: 191104|| aca||aabn | a|a d
040 ## - CATALOGING SOURCE
- Original cataloging agency: NUST
- Transcribing agency: NUST
100 ## - HEADING--PERSONAL NAME
- Personal name: Bahoo, Sultan
670 ## - SOURCE DATA FOUND
- Source citation: Work cat.: (NUST): Bahoo, Sultan, Nur-ul-Huda:, 2019.
